000 00701nam a2200253Ia 4500
003 OSt
005 20221005083858.0
006 a|||||r|||| 00| 0
007 ta
008 221004b |||||||| |||| 00| 0 eng d
024 _a57409
037 _cTextual
040 _aCRL
_cCRL
_beng
041 _2eng
_aeng
082 _aV2:19(zP).N, M4
100 _aHabibullah E
245 0 _aCompulsions of Indian security
_b A plea for geographic and demographic defence.
260 _aNew Delhi
_b ABC
_c1984
300 _a192p.
_ccm.
650 _aHISTORY
700 _a Narayan B K
942 _hV2:19(zP).N, M4
_cTEXL
_2cc
999 _c991694
_d991694